00460nam a2200157Ia 4500003000900000008004100009020001800050040001600068080002400084100002200108245005700130260003900187300001500226650004100241650002000282IN-BaIIA211028s9999 xx 000 0 eng d a0-3-6-11001-6 cIIA Library a047.1:533.9bREV-11 aLeontovich, M. A. 0aReviews of plasma physicsbvol. 11c M. A.Leontovich aNew YorkbConsultants Bureauc1986 avii, 308p. aAstronomy and Astrophysics Thesaurus aPlasmas physics